Statistiques concernant Les Plus Grands Centre Commerciaux

Cliquez ici pour prendre le quiz!

Statistiques générales

  • Ce quiz a été pris 33 fois
  • Le résultat moyen est 17 sur 114

Statistiques - réponses

Surface Nombres de Boutiques Centre Commerciaux % Correct
Paris
79%
Marseille
69%
Lyon
69%
Bordeaux
66%
Montpellier
62%
Lille
62%
Strasbourg
59%
Rennes
55%
Toulouse
52%
Rouen
45%
Nantes
45%
Nancy
41%
Metz
41%
Echirolles/Grenoble
41%
Le Havre
41%
Puteaux/Courbevoie/Nanterre/La Garenne Colombes
38%
Dijon
34%
Angers
34%
Clermont Ferrand
31%
Toulon
28%
Tours
28%
158 000 m²226La Part Dieu
28%
100 200 m²173Velizy 2
21%
53 000 m²95Confluence
21%
141 200 m²234Les Quatre temps
17%
Créteil
17%
Besançon
17%
Roissy
14%
114 100 m²172Rosny 2
14%
42 000 m²120Polygone
14%
50 000 m²120Beaugrenelle
14%
135 000 m²237Odysseum
14%
141 000 m²220Belle Epine
14%
66 900 m²130Euralille
14%
123 500 m²221Créteil Soleil
14%
28 500 m²85Rive Etoile
10%
Vélizy Villacoublay
10%
Levallois Perret
10%
Villeneuve d'Ascq
10%
37 000 m²136Jaude
10%
Rosny sous Bois
10%
Saint Laurent du Var
10%
56 600 m²130Italie 2
10%
57 100 m²98So Ouest
10%
126 000 m²200Grand Littoral
10%
135 000 m²167Cap 3000
10%
Evry
7%
37 000 m²115Muse
7%
Noisy le Grand
7%
84 700 m²180Aéroville
7%
Cagnes sur Mer
7%
95 000 m²120Grand'Place
7%
97 000 m²210O'Parinor
7%
Aubervilliers
7%
Anglet
7%
Ajaccio
7%
Mérignac
7%
120 300 m²184Parly 2
7%
Thiais
7%
75 500 m²152Forum des Halles
7%
43 000 m²180Atlantis le Centre
7%
39 500 m²73La Valentine
7%
50 000 m²120La Vache Noire
7%
62 700 m²190Terrasses du Port
7%
33 600 m²100Saint Sever
7%
48 000 m²105Saint Sébastien
7%
37 100 m²80Docks 76
7%
51 000 m²70L'avenue 83
7%
46400 m²112Centre Alma
7%
39 300 m²71Les Atlantes
7%
56 900 m²135V2
7%
Thionville
3%
56 000 m²140Le millénaire
3%
32 300 m²75Mériadeck
3%
56 000 m²120Place des Halles
3%
55 000 m²55Atrium
3%
54 000 m²110Géric
3%
53 900 m²91Ulis 2
3%
55 000 m²120BAB2
3%
Arcueil
3%
Les Ulis
3%
56 000 m²160Les Arcades
3%
105 000 m²193Centre Commercial Val d'Europe
3%
58 500 m²60Docks Vauban
3%
58 700 m²136Espace Saint quentin
3%
60 000 m²141Mondeville 2
3%
60 000 m²120Grand Portet
3%
61 100 m²125Les sentiers de Claye Souilly
3%
64 000 m²150Les Trois Fontaines
3%
149 200 m²202Carré Sénart
3%
53 000 m²126Merignac Soleil
3%
Claye Souilly
3%
Saint Quentin en Yvelines
3%
Serris
3%
71 000 m²60l'Atoll
3%
73 000 m²140Cité Europe
3%
Senart
3%
36 300 m²90Chateaufarine
3%
74 900 m²121Polygone Rivieira
3%
68 000 m²150Rives d'Arcin
3%
38 000 m²45Centre Bourse
3%
Le Chesnay
3%
Aulnay sous bois
3%
Mondeville
3%
78 100 m²156Toison d'Or
3%
42 000 m²85Centre Mayol
3%
Villeneuve la Garenne
3%
86 000 m²165Qwartz
3%
Coquelles
3%
La Valette du Var
3%
Bègles
3%
93 700 m²150Evry 2
3%
Cergy Pontoise
3%
70 000 m²150Grand Var
3%

Distribution des résultats

Percentile par nombre de réponses

% des personnes avec chaque résultat

Votre développement - résultats

Vous n’avez pas pris ce quiz